Most Identified Insects in the United States - Statistics

General Stats
  • This quiz has been taken 24 times
  • The average score is 3 of 12
Answer Stats
Observations Insect % Correct
261k Western Honey Bee
86%
170k Common Eastern Bumble Bee
76%
252k Monarch
67%
171k Asian Lady Beetle
57%
108k Eastern Tiger Swallowtail
14%
81k Black Swallowtail
5%
106k Blue Dasher
5%
86k Eastern Carpenter Bee
5%
96k Eastern Pondhawk
5%
86k Red Admiral
5%
77k Common Whitetail
0%
103k Gulf Fritillary
0%
No matching quizzes found
Score Distribution
Percent of People with Each Score
Percentile by Number Answered
Your Score History
You have not taken this quiz